Sports Quiz

Random Sports or Soccer Quiz

2014/15 Barclays Premier League Goalscorers Quiz Stats

 Plays Quiz not verified by Sporcle

Challenge
Share
Tweet
Embed
Score 0/30 Timer 05:00
0 Plays Today
Number of Goals Name % Correct
26Sergio Aguero
100%
21Harry Kane
100%
16Alexis Sanchez
100%
20Diego Costa
95.7%
14Olivier Giroud
91.3%
14Eden Hazard
91.3%
12Wayne Rooney
91.3%
11Wilfried Bony
91.3%
13Christian Benteke
87%
12David Silva
87%
10Romelu Lukaku
82.6%
10Yaya Toure
82.6%
18Charlie Austin
78.3%
12Graziano Pelle
78.3%
11Danny Ings
73.9%
Number of Goals Name % Correct
8Peter Crouch
73.9%
14Saido Berahino
69.6%
10Christian Eriksen
69.6%
9Juan Mata
69.6%
11Leonardo Ulloa
65.2%
11Papiss Cisse
65.2%
11Nacer Chadli
60.9%
10Robin van Persie
60.9%
11Mame Biram Diouf
56.5%
9Steven Gerrard
56.5%
10Sadio Mane
43.5%
10Diafra Sakho
43.5%
8Jonathan Walters
39.1%
8Nikica Jelavic
34.8%
8Seung-Yeung Ki
0%

You're not logged in!

Compare scores with friends on all Sporcle quizzes.
Join for Free
OR
Log In

You Might Also Like...

Show Comments

Extras

Top Quizzes Today


Score Distribution

Your Account Isn't Verified!

In order to create a playlist on Sporcle, you need to verify the email address you used during registration. Go to your Sporcle Settings to finish the process.

Report this User

Report this user for behavior that violates our Community Guidelines.

Details: